000 00572nam a2200205Ii 4500
001 4304
003 CO-ViMGA
008 241108s9999||||xx |||||||||||||| ||und||
040 _aCO-ViMGA
_bspa
_erda
_cCO-ViMGA
041 0 _aspa
082 0 4 _a320.94 V975h
100 1 _aBernard Voyenne
_945210
245 1 0 _aHistoria de la Idea Europea
264 1 _aMadrid, EspaƱa : Labor, 1973
300 _avolumen
336 _atext
_btxt
_2rdacontent
337 _aunmediated
_bn
_2rdamedia
338 _avolume
_bnc
_2rdacarrier
940 _aidficha_siabuc: 4209. -- ficha_no_siabuc:4304
999 _c39710
_d39710